| 000 | 01276cam a22003374a 4500 | ||
|---|---|---|---|
| 001 | 12368084 | ||
| 003 | MUT | ||
| 005 | 20240606081451.0 | ||
| 008 | 010403s2001 cau b 001 0 eng | ||
| 010 | _a 2001002014 | ||
| 020 | _a0787953954 (alk. paper) | ||
| 040 |
_aDLC _cMUT _dDLC |
||
| 042 | _apcc | ||
| 050 | 0 | 0 |
_aLB2806 _b.F794 2001 |
| 082 | 0 | 0 |
_a371.2 _221 |
| 100 | 1 | _aFullan, Michael. | |
| 245 | 1 | 0 | _aLeading in a culture of change / |
| 250 | _a1st ed. | ||
| 260 |
_aSan Francisco : _bJossey-Bass, _cc2001. |
||
| 300 |
_axiii, 162 p. ; _c24 cm. |
||
| 504 | _aIncludes bibliographical references (p. 139-144) and index. | ||
| 650 | 0 | _aEducational leadership. | |
| 650 | 0 | _aSchool management and organization. | |
| 650 | 0 | _aEducational change. | |
| 856 | 4 | 2 |
_3Contributor biographical information _uhttp://www.loc.gov/catdir/bios/wiley044/2001002014.html |
| 856 | 4 | 2 |
_3Publisher description _uhttp://www.loc.gov/catdir/description/wiley037/2001002014.html |
| 856 | 4 | 1 |
_3Table of contents _uhttp://www.loc.gov/catdir/toc/wiley021/2001002014.html |
| 906 |
_a7 _bcbc _corignew _d1 _eecip _f20 _gy-gencatlg |
||
| 942 |
_2lcc _cBK |
||
| 999 |
_c19095 _d19095 |
||